000 00537nam a2200145Ia 4500
008 230917s9999||||xx |||||||||||||| ||und||
040 _e169138
_aMAIN
041 _aEnglish
082 _a891.4317109 BD469:SC
100 _aसोनवणे, चन्द्रभानु सीलराम
245 0 _aधर्मवीर भारती का साहित्य सृजन के विविद रंग
260 _aजयपुर
_bपंजशील प्रकाशन
_c1979
300 _a178 p.
942 _cHN
999 _c196606
_d196606